000 00343nam a22001457a 4500
003 OSt
005 20160727222339.0
008 160618b xxu||||| |||| 00| 0 eng d
040 _cTEST
100 _922
_aNayer, J
245 _aMammals
_bAt Your Fingertips
260 _aMc.Clanahan
_c1993
300 _aMammals: At Your Fingertips
942 _2ddc
_cBK
999 _c22
_d22